Louis Tomlinson's songs - Statistiques

Statistiques générales
  • Ce quiz a été pris 473 fois
  • Le résultat moyen est 22 sur 38
Statistiques - réponses
Hint Réponse % Correct
Walls
93%
Two Of Us
80%
Back To You
78%
Miss You
78%
Defenceless
75%
Chicago
72%
Singles Just Hold On
68%
Walls Kill My Mind
68%
Only The Brave
67%
Face In The Future The Greatest
67%
Always You
65%
Face The Music
64%
Fearless
64%
Saturdays
64%
Written All Over Your Face
64%
Bigger Than Me
62%
Angels Fly
61%
Habit
60%
Silver Tongues
59%
Too Young
59%
Change
58%
Just Like You
58%
Out Of My System
58%
Holding On To Heartache
57%
Don't Let It Break Your Heart
56%
High In California
56%
Perfect Now
56%
She Is Beauty We Are World Class
55%
We Made It
55%
Unreleased Copy Of A Copy Of A Copy
54%
Headline
53%
Lucky Again
52%
Common People
47%
All This Time
45%
That's The Way Love Goes
42%
Paradise
30%
Saved By A Stranger
23%
Face The Music (accoustic demo)
10%
Aucun quiz correspondant
Distribution des résultats
% des personnes avec chaque résultat
Percentile par nombre de réponses
Votre historique - résultats
Vous n’avez pas pris ce quiz